02854nam a2200433Ia 450000500170000000800410001702000150005804100080007308200190008110000280010024500460012825000220017430000250019649000290022165000500025065000400030065000270034094200120036726400500037933600270042933700330045633800280048904000350051799900150055295201320056795201330069995201340083295201330096695201390109995201310123895201330136995201320150295201350163495201300176995201320189995201330203195201340216495201220229820220316235530.0121119s2001 mx gr 000 0 spa  a96816632090 aspa a808.068 bM65C1 aMontes, Gracielad1947-13aEl corral de la infanciacGraciela Montes aSegunda edición a145 páginasc23 cm0 aEspacios para la lectura14aLiteratura InfantilxHistoria y critica2LEMB14aLibros y lectura para niños2LEMB14aArte de escribir2LEMB 2ddccBK aMéxico bFondo de Cultura Económicac2001 atextobtxt2rdacontent asin mediaciónbn2rdamedia avolumenbnc2rdacarrier aCO-BoRNBPbspaerdacCO-BoRNBP c1253d1253 00102ddc40708GENaMEDORADObMEDORADOcGENd2023-01-13l0o808.068 M65cpDOR00780r2023-01-13 00:00:00tEj.1w2023-01-13yBK 00102ddc40708GENaMEPRICObMEPRICOcGENd2023-02-15l0o808.068 M65c pPR00000752r2023-02-15 00:00:00tEj.1w2023-02-15yBK 00102ddc40708GENaMEGUAMALbMEGUAMALcGENd2023-04-10l0o808.068 M65cpGUA003012r2023-04-10 00:00:00tEj.1w2023-04-10yBK 00102ddc40708GENaMEFTEORObMEFTEOROcGENd2023-05-30l0o808.068 M65cpFo0000986r2023-05-30 00:00:00tEj.1w2023-05-30yBK 00102ddc40708GENaMEPLLERASbMEPLLERAScGENd2023-06-28l0o 808.068 M 65cpPLL00730r2023-06-28 00:00:00tEj.1w2023-06-28yBKLIT 00102ddc40708GENaMECASTILbMECASTILcGENd2023-07-10l0o808.068 M65cpEC00988r2023-07-10 00:00:00tEj.1w2023-07-10yBK 00102ddc40708GENaMEGRANADbMEGRANADcGENd2023-08-30l0o808068M65cpGRA00012r2023-08-30 14:00:53tEj.1w2023-08-30yBKLIT 00102ddc40708GENaMESMARTIbMESMARTIcGENd2023-09-13l0o808.068 M65cpSM002606r2023-09-13 20:31:07tEj.1w2023-09-13yBK 00102ddc40708GENaMEMAPIRIbMEMAPIRIcGENd2024-01-18l0o808.068 M65cpMAP00002716r2024-01-18 14:49:19tEj.1w2024-01-18yBK 00102ddc40708GENaMEURIBEbMEURIBEcGENd2024-08-16l0o808.068 M65cpURI01077r2024-08-16 09:33:37tEj.1w2024-08-16yBK 00102ddc40708GENaMESGUARObMESGUAROcGENd2025-06-28l0o808.068 M65cpSG03395r2025-06-28 12:09:37tEj.1w2025-06-28yBK 00102ddc40708GENaMELEJANIbMELEJANIcGENd2025-11-19l0o808.068 M65CpLEJ01445r2025-11-19 21:52:24tEj.1w2025-11-19yBK 00102lcc40708GENaMEPCONCObMEPCONCOcGENd2026-02-27l0o808.068 M65CpPCON02380r2026-02-27 19:30:03tEj.1w2026-02-27yBK 00102ddc4070aMEMACAREbMEMACAREd2026-03-14l0o808.068 M65CpLM03386r2026-03-14 19:58:12tEj.1w2026-03-14yBK